| 000 | 01176nac a22002891i 4500 | ||
|---|---|---|---|
| 003 | EG-ScBUE | ||
| 005 | 20260513090658.0 | ||
| 008 | 101215t1973 ua a frb 001 0 ara d | ||
| 017 | _a1973 / 5225 | ||
| 040 |
_aEG-ScBUE _bara _erda _cEG-ScBUE _dEG-ScBUE |
||
| 082 | 0 | 4 |
_a572 _bج و هـ _222 |
| 100 | 1 |
_aالجوهري، يسري، _921513 _eمؤلف. |
|
| 245 | 1 | 2 |
_aالإنسان وسلالته / _cدكتور يسري الجوهري، رئيس قسم الجغرافيا بكلية آداب المنيا، جامعة أسيوط. |
| 264 | 1 |
_aالإسكندرية : _bمنشأة المعارف، _c[1973] |
|
| 264 | 4 | _cتاريخ حق النشر 1973 | |
| 300 |
_a498 صفحة : _bإيضاحيات ؛ _c24 سم |
||
| 336 |
_2rdacontent _aنص _btxt |
||
| 337 |
_aبدون وسيط _2rdamedia _bn |
||
| 338 |
_aمجلد _bnc _2rdacarrier |
||
| 500 | _aيشتمل على كشاف. | ||
| 504 | _aيشتمل على إرجاعات ببليوجرافية. | ||
| 650 | 7 |
_aالإنسان. _917372 _2BUEsh |
|
| 650 | 7 |
_aالسلالات البشرية. _921514 _2BUEsh |
|
| 650 | 7 |
_aالأجناس _920624 _xعلم. _2BUEsh |
|
| 655 | _vReading book | ||
| 942 |
_cBB _k572 ج و هـ _2ddc |
||
| 999 |
_c6967 _d6967 |
||